Kormányellenes blokád románul és törökül tiltakoztak - nem zavarták a forgalmat Nagylaknál /

Elmentve itt :
Bibliográfiai részletek
Szerző: Szabó Imre
Dokumentumtípus: Cikk
Megjelent: 2007-03-14
Sorozat:Délmagyarország 97 No. 62
Kulcsszavak:Nagylak, Magyarcsanád, Politikai élet, Tüntetés, Közlekedés 43-as út
Online Access:http://dmarchiv.bibl.u-szeged.hu/137840
LEADER 00581nab a2200157 i 4500
001 delm137840
005 20200109094250.0
008 200109s2007 hu o 0|| hun d
040 |a SZTE Délmagyarország Archívum  |b hun 
041 |a hun 
100 1 |a Szabó Imre 
245 1 0 |a Kormányellenes blokád   |h [elektronikus dokumentum] :  |b románul és törökül tiltakoztak - nem zavarták a forgalmat Nagylaknál /  |c  Szabó Imre 
260 |c 2007-03-14 
300 |a 1, 3 
490 0 |a Délmagyarország  |v 97 No. 62 
695 |a Nagylak, Magyarcsanád, Politikai élet, Tüntetés, Közlekedés 43-as út